| 000 | 00528nam a2200193Ia 4500 | ||
|---|---|---|---|
| 005 | 20260429112203.0 | ||
| 008 | 260429s9999||||xx |||||||||||||| ||und|| | ||
| 020 | _a9789355280640 | ||
| 041 | _aEnglish | ||
| 082 |
_a181.45 _bBAL |
||
| 100 | _aBallantyre, James Robert | ||
| 245 | 0 |
_aLecture on the Sankhya philosophy / _cJames Robert Ballantyre |
|
| 250 | _a1st ed. | ||
| 260 |
_aChennai : _bMaxwell Press, _c2023. |
||
| 300 | _a65 p.; pbk | ||
| 650 | _a Indian philosophy | ||
| 650 | _aSankhya philosophy | ||
| 942 | _cTB | ||
| 999 |
_c52795 _d52795 |
||